[Event "Titled Tuesday intern op 06th May Early"]
[Site "Chess.com INT"]
[Date "2025.05.06"]
[Round "7"]
[White "Mizzi, Jack"]
[Black "Kornev, Alexei"]
[Result "1-0"]
[WhiteElo "2086"]
[BlackElo "2500"]
[PlyCount "51"]
[EventDate "2025.05.06"]
[EventType "swiss (blitz)"]
[EventRounds "11"]
[EventCountry "USA"]
[SourceTitle "CB20_2025"]
[SourceDate "2025.05.14"]
[SourceVersion "1"]
[SourceVersionDate "2025.05.14"]
[SourceQuality "1"]

1. d4 Nf6 2. c4 g6 3. g3 c6 4. Bg2 d5 5. cxd5 cxd5 6. Nf3 Bg7 7. 0-0 0-0 8. Nc3 Bf5 9. Bf4 Ne4 10. Rc1 Nc6 11. Ne5 Nxe5 12. dxe5 Nxc3 13. Rxc3 Be6 14. Qd4 Qa5 15. a3 Rfd8 16. Rfc1 f6 17. exf6 exf6 18. Rc7 Qb5 19. Bg5 Rf8 20. Rxg7+ Kxg7 21. Rc7+ Kg8 22. Bxf6 Rf7 23. Rxf7 Kxf7 24. Bg5 Qxe2 25. Qf6+ Kg8 26. Bh6 1-0

[Event "Titled Tuesday intern op 01st Apr Early"]
[Site "Chess.com INT"]
[Date "2025.04.01"]
[Round "1"]
[White "Kornev, Alexei"]
[Black "Abraham, John Z"]
[Result "1-0"]
[WhiteElo "2500"]
[BlackElo "2126"]
[PlyCount "61"]
[EventDate "2025.04.01"]
[EventType "swiss (blitz)"]
[EventRounds "11"]
[EventCountry "USA"]
[SourceTitle "CB15_2025"]
[SourceDate "2025.04.09"]
[SourceVersion "1"]
[SourceVersionDate "2025.04.09"]
[SourceQuality "1"]

1. d4 Nf6 2. Nf3 e6 3. g3 d5 4. Bg2 c5 5. 0-0 Nc6 6. c4 cxd4 7. Nxd4 Be7 8. Nc3 0-0 9. Bf4 dxc4 10. Nxc6 bxc6 11. Qxd8 Rxd8 12. Bxc6 Bd7 13. Bxa8 Rxa8 14. Rfd1 Bc6 15. f3 Bc5+ 16. Kf1 h6 17. e4 a5 18. Bd6 Bb4 19. a3 Bxc3 20. bxc3 Ba4 21. Rd4 Bc2 22. Kf2 Rc8 23. Ra2 Bb3 24. Rad2 a4 25. Be5 Kh7 26. Rd8 Rc6 27. R2d6 Rc5 28. Bxf6 gxf6 29. R6d7 Kg7 30. Rb8 Rc8 31. Rxc8 1-0

[Event "Titled Tuesday intern op 01st Apr Late"]
[Site "Chess.com INT"]
[Date "2025.04.01"]
[Round "3"]
[White "Svane, Frederik"]
[Black "Kornev, Alexei"]
[Result "0-1"]
[WhiteElo "2668"]
[BlackElo "2500"]
[PlyCount "140"]
[EventDate "2025.04.01"]
[EventType "swiss (blitz)"]
[EventRounds "11"]
[EventCountry "USA"]
[SourceTitle "CB15_2025"]
[SourceDate "2025.04.09"]
[SourceVersion "1"]
[SourceVersionDate "2025.04.09"]
[SourceQuality "1"]

1. e4 c6 2. d4 d5 3. exd5 cxd5 4. Nf3 Nc6 5. c3 Nf6 6. Ne5 g6 7. Bb5 Bd7 8. Nxd7 Qxd7 9. 0-0 Bg7 10. Nd2 0-0 11. Nf3 Qc7 12. g3 Ne4 13. Bf4 Qb6 14. Qe2 Rfe8 15. Rfe1 a6 16. Bd3 e5 17. dxe5 Nxe5 18. Bxe5 Bxe5 19. Bxe4 Bg7 20. Ng5 dxe4 21. Nxe4 Re6 22. Qd2 Rd8 23. Qc2 Rde8 24. Kf1 Qb5+ 25. c4 Qf5 26. f3 Qxf3+ 27. Nf2 Bd4 28. Rxe6 Rxe6 29. Qd2 Bxf2 30. Qxf2 Qh1+ 31. Qg1 Rf6+ 32. Ke2 Qe4+ 33. Qe3 Qc2+ 34. Ke1 Re6 35. Qxe6 fxe6 36. Rd1 Qxb2 37. c5 Qb4+ 38. Kf1 Qc4+ 39. Kf2 Qxc5+ 40. Kg2 Qd5+ 41. Rxd5 exd5 42. Kf3 Kf7 43. Ke3 Ke6 44. Kd4 Kd6 45. a4 b6 46. g4 g5 47. h3 h6 48. Kc3 Kc5 49. Kb3 d4 50. Ka3 Kc4 51. Kb2 d3 52. Kb1 Kc3 53. Kc1 d2+ 54. Kd1 a5 55. Ke2 Kc2 56. Ke3 d1Q 57. Ke4 Qd3+ 58. Ke5 Qxh3 59. Kf5 Kb3 60. Kg6 Kxa4 61. Kf6 Kb4 62. Ke5 a4 63. Ke4 b5 64. Kd5 Kb3 65. Kc6 b4 66. Kd6 a3 67. Kc5 a2 68. Kd5 Kb2 69. Kc6 b3 70. Kc5 Qxg4 0-1

[Event "Titled Tuesday intern op 28th Jan Early"]
[Site "Chess.com INT"]
[Date "2025.01.28"]
[Round "2"]
[White "Kornev, Alexei"]
[Black "Chernov, Mikhail"]
[Result "1-0"]
[WhiteElo "2500"]
[BlackElo "2167"]
[PlyCount "61"]
[EventDate "2025.01.28"]
[EventType "swiss (blitz)"]
[EventRounds "11"]
[EventCountry "USA"]
[SourceTitle "CB06_2025"]
[SourceDate "2025.02.05"]
[SourceVersion "1"]
[SourceVersionDate "2025.02.05"]
[SourceQuality "1"]

1. d4 Nf6 2. c4 e5 3. dxe5 Ng4 4. Bf4 Bb4+ 5. Nd2 Nc6 6. Ngf3 Qe7 7. e3 Ngxe5 8. Nxe5 Nxe5 9. Be2 a5 10. 0-0 0-0 11. Rc1 Ra6 12. a3 Bxd2 13. Qxd2 Rg6 14. Qxa5 d6 15. Bg3 b6 16. Qc3 Bb7 17. b4 f5 18. c5 f4 19. exf4 Rxf4 20. cxd6 cxd6 21. Qc7 Rf7 22. Qxe7 Rxe7 23. Rfd1 Ng4 24. Bf1 d5 25. a4 Nf6 26. a5 bxa5 27. bxa5 Ne4 28. Bc7 Rge6 29. f3 Nf6 30. Bb6 Nd7 31. Bd4 1-0

[Event "Titled Tuesday intern op 28th Jan Early"]
[Site "Chess.com INT"]
[Date "2025.01.28"]
[Round "5"]
[White "Kornev, Alexei"]
[Black "Martinez Alcantara, Jose Eduardo"]
[Result "0-1"]
[WhiteElo "2500"]
[BlackElo "2606"]
[PlyCount "102"]
[EventDate "2025.01.28"]
[EventType "swiss (blitz)"]
[EventRounds "11"]
[EventCountry "USA"]
[SourceTitle "CB06_2025"]
[SourceDate "2025.02.05"]
[SourceVersion "1"]
[SourceVersionDate "2025.02.05"]
[SourceQuality "1"]

1. d4 e6 2. c4 Nf6 3. Nf3 Bb4+ 4. Bd2 c5 5. Bxb4 cxb4 6. g3 b6 7. Bg2 Bb7 8. 0-0 a5 9. Qb3 0-0 10. a3 Na6 11. Nbd2 d6 12. Rac1 Rc8 13. Rfd1 Qe7 14. Ne1 e5 15. dxe5 dxe5 16. Bxb7 Qxb7 17. axb4 Nxb4 18. Nd3 Nc6 19. e3 e4 20. Nf4 Ne5 21. Nb1 Rc5 22. Na3 h5 23. Rd6 b5 24. Nxb5 Nxc4 25. Nd4 Qc8 26. Rxf6 gxf6 27. Nxh5 Nd2 28. Rxc5 Qxc5 29. Nxf6+ Kg7 30. Qd1 Kxf6 31. Qxd2 Rc8 32. Qe2 Ke7 33. Kg2 Qd5 34. b3 Rh8 35. h4 Rh6 36. Qg4 Rf6 37. Qc8 Qd7 38. Qc5+ Ke8 39. Qxa5 Kf8 40. Qg5 Rg6 41. Qf4 Qd5 42. b4 Kg8 43. b5 Kh7 44. Qc7 Rf6 45. b6 Qa2 46. b7 Qxf2+ 47. Kh3 Qf1+ 48. Kg4 Rg6+ 49. Kh5 Qf6 50. b8Q Qg7 51. Qe5 Rh6# 0-1

[Event "Titled Tuesday intern op 28th Jan Early"]
[Site "Chess.com INT"]
[Date "2025.01.28"]
[Round "1"]
[White "Shishkov, Andrei"]
[Black "Kornev, Alexei"]
[Result "0-1"]
[WhiteElo "2340"]
[BlackElo "2500"]
[PlyCount "128"]
[EventDate "2025.01.28"]
[EventType "swiss (blitz)"]
[EventRounds "11"]
[EventCountry "USA"]
[SourceTitle "CB06_2025"]
[SourceDate "2025.02.05"]
[SourceVersion "1"]
[SourceVersionDate "2025.02.05"]
[SourceQuality "1"]

1. d4 Nf6 2. c4 e6 3. Nc3 Bb4 4. Qc2 Nc6 5. Nf3 d6 6. Bd2 Qe7 7. a3 Bxc3 8. Bxc3 e5 9. dxe5 dxe5 10. e3 0-0 11. Be2 Re8 12. 0-0 Bg4 13. b4 e4 14. Nd4 Ne5 15. h3 Bxe2 16. Qxe2 Rad8 17. Rad1 c6 18. Rd2 Rd7 19. Rfd1 Red8 20. c5 Nd5 21. Ba1 Qg5 22. Kh2 h6 23. Rf1 Re8 24. f4 exf3 25. Nxf3 Nxf3+ 26. Rxf3 Rde7 27. Bd4 Re4 28. Rg3 Qf5 29. Bxg7 Kh7 30. Bd4 f6 31. Rd3 R8e7 32. Qf3 Qxf3 33. gxf3 R4e6 34. e4 Nf4 35. Rd2 Rd7 36. Be3 Rxd2+ 37. Bxd2 Nd3 38. Rg1 Ne5 39. Rf1 Re7 40. Bc3 Rd7 41. Bxe5 fxe5 42. f4 Rd2+ 43. Kg3 Rd3+ 44. Rf3 exf4+ 45. Kxf4 Rd8 46. Ke3 Kg6 47. Rf2 Kg5 48. Rf5+ Kg6 49. Rf2 Kg5 50. Rf7 Rb8 51. Kf3 Kg6 52. Rc7 a6 53. Ke3 Kf6 54. Kf4 Ke6 55. Rh7 Rf8+ 56. Ke3 Rg8 57. Rxh6+ Ke5 58. Rh5+ Ke6 59. Kf4 Rg1 60. Rh6+ Ke7 61. Rh7+ Ke6 62. Rxb7 Rf1+ 63. Ke3 Re1+ 64. Kd3 Rh1 0-1

[Event "Titled Tuesday intern op 30th Jan Early"]
[Site "Chess.com INT"]
[Date "2024.01.30"]
[Round "1"]
[White "Kornev, Alexei"]
[Black "Eilers, Stefan"]
[Result "1/2-1/2"]
[WhiteElo "2500"]
[BlackElo "2275"]
[PlyCount "159"]
[EventDate "2024.01.30"]
[EventType "swiss (blitz)"]
[EventRounds "11"]
[EventCountry "USA"]
[SourceTitle "EXT 2025"]
[Source "ChessBase"]
[SourceDate "2024.10.14"]
[SourceVersion "1"]
[SourceVersionDate "2024.10.14"]
[SourceQuality "1"]

1. e4 g6 2. d4 Bg7 3. Nf3 c6 4. c4 d5 5. e5 Bg4 6. cxd5 cxd5 7. Nbd2 Nc6 8. h3 Bxf3 9. Nxf3 e6 10. Be2 Qa5+ 11. Bd2 Qb6 12. Bc3 Nge7 13. 0-0 0-0 14. Bd3 Nf5 15. Qa4 a6 16. Rac1 Rac8 17. Rfe1 Qd8 18. a3 Ra8 19. Qd1 Rc8 20. Qa4 Ra8 21. Bxf5 gxf5 22. Bb4 Nxb4 23. Qxb4 Qd7 24. Qb6 Rfc8 25. Nd2 Bh6 26. Rxc8+ Rxc8 27. Nb3 Qb5 28. Qxb5 axb5 29. Re2 Rc4 30. Kf1 b4 31. a4 b6 32. Ke1 Kf8 33. Kd1 Ke7 34. Rc2 Kd7 35. g3 f4 36. g4 f3 37. h4 Bf4 38. a5 bxa5 39. Rxc4 dxc4 40. Nxa5 c3 41. bxc3 bxc3 42. Kc2 Bd2 43. Nb3 Be1 44. Nc5+ Kc6 45. Ne4 Kd5 46. Ng5 Bxf2 47. h5 Bxd4 48. Nxf3 Bxe5 49. Ng5 f5 50. gxf5 exf5 51. Nxh7 Ke4 52. h6 f4 53. Ng5+ Kf5 54. Nf3 Bf6 55. Kd3 Kg6 56. Ne1 Kxh6 57. Ke4 Kg5 58. Kf3 Kf5 59. Nd3 Be5 60. Ke2 Ke4 61. Nf2+ Kd4 62. Kd1 Ke3 63. Ng4+ Kd4 64. Ke2 Bg7 65. Kd1 Kc4 66. Kc2 f3 67. Nf2 Bd4 68. Ne4 f2 69. Ng3 Be3 70. Nf1 Kd4 71. Ng3 Ke5 72. Kxc3 Kf4 73. Nf1 Bb6 74. Kd3 Kf3 75. Nd2+ Kg2 76. Ke2 Ba5 77. Nf1 Bb6 78. Nd2 Ba5 79. Nf1 Bb6 80. Nd2 1/2-1/2

[Event "Titled Tuesday intern op 30th Jan Early"]
[Site "Chess.com INT"]
[Date "2024.01.30"]
[Round "6"]
[White "Mammadzada, Gunay Vuqar Qizi"]
[Black "Kornev, Alexei"]
[Result "1-0"]
[WhiteElo "2449"]
[BlackElo "2500"]
[PlyCount "65"]
[EventDate "2024.01.30"]
[EventType "swiss (blitz)"]
[EventRounds "11"]
[EventCountry "USA"]
[SourceTitle "EXT 2025"]
[Source "ChessBase"]
[SourceDate "2024.10.14"]
[SourceVersion "1"]
[SourceVersionDate "2024.10.14"]
[SourceQuality "1"]

1. e4 c5 2. Nf3 d6 3. d4 cxd4 4. Nxd4 Nf6 5. Nc3 a6 6. Be3 e6 7. f3 b5 8. Qd2 Nbd7 9. g4 h6 10. 0-0-0 b4 11. Nce2 Ne5 12. Ng3 Qc7 13. Kb1 Be7 14. h4 Nc4 15. Bxc4 Qxc4 16. g5 Nd7 17. Nh5 Bf8 18. b3 Qc7 19. g6 Nc5 20. gxf7+ Qxf7 21. Ng3 a5 22. Nb5 Qd7 23. Bxc5 Qxb5 24. Bxd6 Bd7 25. Qd4 Bxd6 26. Qxd6 a4 27. Nh5 Rg8 28. Rhg1 axb3 29. cxb3 Ra7 30. Nf6+ Kf7 31. Nxd7 Re8 32. Qf4+ Ke7 33. Rxg7+ 1-0

[Event "Titled Tuesday intern op 23rd Jan Early"]
[Site "Chess.com INT"]
[Date "2024.01.23"]
[Round "3"]
[White "Dominguez Perez, Leinier"]
[Black "Kornev, Alexei"]
[Result "1-0"]
[WhiteElo "2752"]
[BlackElo "2500"]
[PlyCount "57"]
[EventDate "2024.01.23"]
[EventType "swiss (blitz)"]
[EventRounds "11"]
[EventCountry "USA"]
[SourceTitle "EXT 2025"]
[Source "ChessBase"]
[SourceDate "2024.10.14"]
[SourceVersion "1"]
[SourceVersionDate "2024.10.14"]
[SourceQuality "1"]

1. e4 c5 2. Nf3 d6 3. d4 cxd4 4. Nxd4 Nf6 5. Nc3 a6 6. Bg5 e6 7. Qe2 b5 8. a3 Bb7 9. 0-0-0 Nbd7 10. h4 h6 11. Bd2 Rc8 12. Rh3 Qb6 13. Nb3 Ne5 14. f4 Nc4 15. Be1 h5 16. Rhd3 Be7 17. g3 0-0 18. Bh3 g6 19. g4 hxg4 20. Bxg4 d5 21. e5 Ne4 22. h5 b4 23. axb4 Bxb4 24. hxg6 fxg6 25. Qh2 Ne3 26. Qh6 Nf5 27. Qxg6+ Ng7 28. Nxe4 dxe4 29. Rd7 1-0

[Event "Titled Tuesday intern op 23rd Jan Early"]
[Site "Chess.com INT"]
[Date "2024.01.23"]
[Round "6"]
[White "Kornev, Alexei"]
[Black "Grandelius, Nils"]
[Result "1-0"]
[WhiteElo "2500"]
[BlackElo "2673"]
[PlyCount "80"]
[EventDate "2024.01.23"]
[EventType "swiss (blitz)"]
[EventRounds "11"]
[EventCountry "USA"]
[SourceTitle "EXT 2025"]
[Source "ChessBase"]
[SourceDate "2024.10.14"]
[SourceVersion "1"]
[SourceVersionDate "2024.10.14"]
[SourceQuality "1"]

1. e4 c5 2. Nf3 e6 3. d4 cxd4 4. Nxd4 a6 5. c4 Nf6 6. Nc3 Qc7 7. Be2 Bb4 8. Qb3 Bd6 9. h3 Nc6 10. Be3 Bf4 11. Bxf4 Qxf4 12. Nxc6 dxc6 13. Qc2 e5 14. Qd2 Qxd2+ 15. Kxd2 Be6 16. c5 0-0-0+ 17. Ke3 Rd4 18. f4 Rb4 19. f5 Bd7 20. Rab1 Kc7 21. Rhd1 g6 22. a3 Rd4 23. Rxd4 exd4+ 24. Kxd4 gxf5 25. exf5 h5 26. Ke5 Ne8 27. Kf4 Ng7 28. g4 hxg4 29. hxg4 Rh2 30. Kg3 Rh8 31. Bf3 Bc8 32. Rh1 Rg8 33. Kf4 Kd8 34. Ke5 Ne8 35. Rh7 Ke7 36. Kf4 Nf6 37. Rh1 Rd8 38. g5 Nd7 39. f6+ Ke6 40. Re1+ Ne5 1-0

[Event "Titled Tuesday intern op 23rd Jan Early"]
[Site "Chess.com INT"]
[Date "2024.01.23"]
[Round "4"]
[White "Kornev, Alexei"]
[Black "Kim, Sergey2"]
[Result "1-0"]
[WhiteElo "2500"]
[BlackElo "2295"]
[PlyCount "53"]
[EventDate "2024.01.23"]
[EventType "swiss (blitz)"]
[EventRounds "11"]
[EventCountry "USA"]
[SourceTitle "EXT 2025"]
[Source "ChessBase"]
[SourceDate "2024.10.14"]
[SourceVersion "1"]
[SourceVersionDate "2024.10.14"]
[SourceQuality "1"]

1. e4 e5 2. Nf3 Nc6 3. Bb5 a6 4. Ba4 Nf6 5. 0-0 b5 6. Bb3 Bc5 7. a4 Bb7 8. d3 d6 9. h3 h6 10. Nc3 bxa4 11. Bxa4 0-0 12. Ne2 Bb6 13. Ng3 Ne7 14. Re1 Ng6 15. c3 Rb8 16. d4 Bc8 17. Be3 exd4 18. cxd4 Bd7 19. Bc2 a5 20. Qd2 Nh7 21. e5 dxe5 22. dxe5 Bxe3 23. Qxe3 Be6 24. Qc3 Ng5 25. Nd4 Nf4 26. Nc6 Qd5 27. Ne7+ 1-0

[Event "Titled Tuesday intern op 23rd Jan Early"]
[Site "Chess.com INT"]
[Date "2024.01.23"]
[Round "7"]
[White "Movahed, Sina"]
[Black "Kornev, Alexei"]
[Result "1-0"]
[WhiteElo "2450"]
[BlackElo "2500"]
[PlyCount "85"]
[EventDate "2024.01.23"]
[EventType "swiss (blitz)"]
[EventRounds "11"]
[EventCountry "USA"]
[SourceTitle "EXT 2025"]
[Source "ChessBase"]
[SourceDate "2024.10.14"]
[SourceVersion "1"]
[SourceVersionDate "2024.10.14"]
[SourceQuality "1"]

1. e4 c5 2. d4 cxd4 3. Nf3 d6 4. Nxd4 Nf6 5. Nc3 a6 6. h3 e5 7. Nde2 h5 8. g3 Be6 9. Bg2 Nbd7 10. 0-0 Rc8 11. f4 Nb6 12. f5 Bd7 13. b3 Be7 14. Be3 Bc6 15. Kh1 0-0 16. a4 Nbd7 17. Bf3 g6 18. Bg2 Kg7 19. Qd2 Rh8 20. Nd5 Bxd5 21. exd5 h4 22. g4 Nh7 23. Bh6+ Kg8 24. fxg6 fxg6 25. Qd3 Ndf8 26. Be3 Bg5 27. Bg1 Kg7 28. Nc3 Nf6 29. Ne4 Nxe4 30. Bxe4 Rh6 31. c4 Nd7 32. a5 Bf4 33. b4 Nf6 34. Bg2 g5 35. c5 Rh8 36. c6 bxc6 37. dxc6 d5 38. Qxa6 Ne4 39. Bxe4 dxe4 40. Rad1 Qf6 41. Qb7+ Kg6 42. c7 Kh6 43. Bc5 1-0